Որբաշխարհ : (Record no. 537726)
[ view plain ]
| 000 -LEADER | |
|---|---|
| fixed length control field | 01188nam a2200241 a 4500 |
| 001 - CONTROL NUMBER | |
| control field | 1714629 |
| 003 - CONTROL NUMBER IDENTIFIER | |
| control field | AM-YEHGA |
| 005 - DATE AND TIME OF LATEST TRANSACTION | |
| control field | 20260226101659.0 |
| 008 - FIXED-LENGTH DATA ELEMENTS--GENERAL INFORMATION | |
| fixed length control field | 201208s2020 ua o|||er|||||||1|||arm|d |
| 040 ## - CATALOGING SOURCE | |
| Original cataloging agency | AM-YEHGA |
| 041 0# - LANGUAGE CODE | |
| Language code of text/sound track or separate title | arm |
| 100 1# - MAIN ENTRY--PERSONAL NAME | |
| Personal name | Սամուէլեան, Վռամ |
| 245 10 - TITLE STATEMENT | |
| Title | Որբաշխարհ : |
| Remainder of title | Յուշագրութիւն ցեղասպանութենէն վերապրողի / |
| Statement of responsibility, etc. | Վ. Սամուէլեան ; Խմբագրեց եւ ծանօթագրեց ՝ Վ. Ղազարեան. |
| 260 ## - PUBLICATION, DISTRIBUTION, ETC. | |
| Place of publication, distribution, etc. | Գահիրէ : |
| Name of publisher, distributor, etc. | African Press S.A.E., |
| Date of publication, distribution, etc. | 2020. |
| 300 ## - PHYSICAL DESCRIPTION | |
| Extent | 95 էջ : |
| Other physical details | լուսանկար ; |
| Dimensions | 22 սմ. |
| 500 ## - GENERAL NOTE | |
| General note | Գրքի թվային տարբերակը ՀԱԳ-ին տրամադրել է իրավատերը։ |
| 504 ## - BIBLIOGRAPHY, ETC. NOTE | |
| Bibliography, etc. note | Հավելված՝ էջ 51-95: |
| 650 14 - SUBJECT ADDED ENTRY--TOPICAL TERM | |
| Topical term or geographic name entry element | Հայոց ցեղասպանություն (1915-1923) |
| Form subdivision | Ականատեսների վկայություններ |
| 9 (RLIN) | 5783 |
| 650 14 - SUBJECT ADDED ENTRY--TOPICAL TERM | |
| Topical term or geographic name entry element | Հայ հուշագրություն |
| 9 (RLIN) | 5766 |
| 700 1# - ADDED ENTRY--PERSONAL NAME | |
| Personal name | Ղազարեան, Վաչէ |
| Relator term | խմբ. |
| Relationship | edt |
| 856 41 - ELECTRONIC LOCATION AND ACCESS | |
| Uniform Resource Identifier | <a href="http://haygirk.nla.am/upload/1941-/ghazarianV_samuelian_vorbashkharh_2020.pdf">http://haygirk.nla.am/upload/1941-/ghazarianV_samuelian_vorbashkharh_2020.pdf</a> |
| Link text | Կարդալ առցանց |
| -- | Agreements with National library |
| 942 ## - ADDED ENTRY ELEMENTS (KOHA) | |
| Source of classification or shelving scheme | Universal Decimal Classification |
| Koha item type | Գրքեր / Books |
| Withdrawn status | Lost status | Source of classification or shelving scheme | Damaged status | Not for loan | Collection | Home library | Current library | Date acquired | Total checkouts | Full call number | Barcode | Date last seen | Price effective from | Koha item type | Public note |
|---|---|---|---|---|---|---|---|---|---|---|---|---|---|---|---|
| Universal Decimal Classification | General | Fundamental Scientific Library | Fundamental Scientific Library | 07/10/2025 | AII/113593 | FL0697503 | 07/10/2025 | 07/10/2025 | Գրքեր / Books | 30 Days Loan | |||||
| Universal Decimal Classification | General | Fundamental Scientific Library | Fundamental Scientific Library | 07/10/2025 | AII/113594 | FL0697502 | 07/10/2025 | 07/10/2025 | Գրքեր / Books | 30 Days Loan |
ՀՀ Գիտությունների ազգային ակադեմիայի հիմնարար գիտական գրադարան = Fundamental Scientific Library of NAS RA
All site content, except where otherwise noted, is licensed under a